=LDR 00000nam 2200000 4500 =001 INLIS000000000030839 =005 20200526081937 =035 ##$$a 0010-061300000030839 =008 200526################g##########0#ind## =041 ##$$a ind =082 ##$$a 2X4.04 =090 ##$$a 2X4.04, Sya t =100 1#$$a Syarjaya, h. e Syarjaya =245 1#$$a Tafsir ayat-ayat ahkam /$c H.E.Syabli Sarjaya =260 ##$$a Jakarta :$b Rajawali pers,$c 2008 =300 ##$$a xii, 286 hlm, ; $c 13x20 cm =650 #4$$a Hukum ayat-ayat =850 ##$$a NBPNMAT =020 ##$$a 978-979-769-218-6 =084 ##$$a 2X4.04 SYA t =250 ##$$a cet.1 =504 ##$$a Bibliografi : hlm. 279 - 284 =504 ##$$a Biografi : hlm. 248 - 286 =990 ##$$a 20900788 =990 ##$$a 20900785 =990 ##$$a 20900787/Pb- 09